Statistics for taylor swift lyric quiz!

Click here to take the quiz!

General Stats

  • This quiz has been taken 55 times
  • The average score is 19 of 30

Answer Stats

LyricSong% Correct
I walked through the door with you, the air was coldAll Too Well
93%
Meet me at midnightLavender Haze
93%
She took him faster than you could say "Sabotage"Better Than Revenge
91%
Rebekah rode up on the afternoon train, it was sunnythe last great american dynasty
91%
Are we in the clear yet, in the clear yet? GoodOut Of The Woods
89%
Please picture me in the treesseven
87%
It was so nice throwing big partiesThis is Why We Can't Have Nice Things
85%
Tying you to me?invisible string
83%
You know the greatest films of all time were never madethe 1
83%
Walkin' through a crowd, the village is aglowWelcome To New York
80%
Rain came pouring downClean
76%
Friends break up, friends get marriedright where you left me
76%
Is it romantic how all my elegies eulogize me?the lakes
76%
But we were dancingDancing With Our Hands Tied
74%
My knuckles were bruised like violetsThe Great War
74%
Time flies, messy as the mud on your truck tires'tis the damn season
59%
I'm so chill, but you make me jealousSo It Goes...
54%
Yes, we were somewhere elseParis
52%
Why would you wanna break (Mmm-hmm)A Perfectly Good Heart
50%
You should've knownDear John
48%
Family that I chose, now that I see your brother as my brotherpeace
48%
And said, "I'm sorry I didn't make it"The Moment I Knew
46%
I said, "That's a lie"Tim McGraw
46%
Watch you breathe in (Watch you breathe in), watch you breathing out (Out), out (Out)epiphany
37%
'Cause you got her on your arm and me in the wingsFoolish One
37%
Friday night beneath the starsI'm Only Me When I'm with You
33%
No sound, it's all aroundSnow On The Beach
33%
Even when you're sleeping, sleepingEyes Open
26%
And the battle was long, it's the fight of our livesChange
24%
You don't (You don't) know how much I feel I love you stillDon't You
24%

Score Distribution

Percentile by Number Answered

Percent of People with Each Score

Your Score History

You have not taken this quiz